Android based p2p wifi communicator (Record no. 489562)
[ view plain ]
| 000 -LEADER | |
|---|---|
| fixed length control field | 00376nam a22001337a 4500 |
| 082 ## - DEWEY DECIMAL CLASSIFICATION NUMBER | |
| Classification number | BICSE-6 FUR |
| 100 ## - MAIN ENTRY--PERSONAL NAME | |
| Personal name | Furqan Ali Khan |
| 9 (RLIN) | 92510 |
| 245 ## - TITLE STATEMENT | |
| Title | Android based p2p wifi communicator |
| 260 ## - PUBLICATION, DISTRIBUTION, ETC. | |
| Place of publication, distribution, etc. | Islamabad |
| Name of publisher, distributor, etc. | NUST SEECS |
| Date of publication, distribution, etc. | 2013 |
| 300 ## - PHYSICAL DESCRIPTION | |
| Extent | 35p.: |
| 500 ## - GENERAL NOTE | |
| General note | supervisor:Dr.Adeel Baig |
| 856 ## - ELECTRONIC LOCATION AND ACCESS | |
| Uniform Resource Identifier | <a href="http://10.250.8.41:8080/xmlui/handle/123456789/10341">http://10.250.8.41:8080/xmlui/handle/123456789/10341</a> |
| 942 ## - ADDED ENTRY ELEMENTS (KOHA) | |
| Koha item type | Project Report |
| Source of classification or shelving scheme | |
| Withdrawn status | Lost status | Source of classification or shelving scheme | Damaged status | Not for loan | Permanent Location | Current Location | Shelving location | Date acquired | Full call number | Barcode | Date last seen | Price effective from | Koha item type |
|---|---|---|---|---|---|---|---|---|---|---|---|---|---|
| WITHDRAWN | Central Library (CL) | Central Library (CL) | General Stacks | 03/11/2014 | BICSE-6 FUR | SEECSP01397 | 03/11/2014 | 09/26/2018 | Project Report |
